| 000 | 00476nam a2200169Ia 4500 | ||
|---|---|---|---|
| 008 | 210719s1996 xx 000 0 und d | ||
| 020 | _a0-415-12755-6 | ||
| 041 | _aeng | ||
| 082 | _a658.001 CASI | ||
| 100 | _aCASSIMATIS (Peter) | ||
| 245 | _aIntroduction to managerial economics | ||
| 260 |
_aLondon _bRoutledge _c1996 |
||
| 300 |
_axiv,349 _bPB |
||
| 650 | _aBusiness Economics | ||
| 650 | _aManagerial Economics | ||
| 906 | _aeconomics ; Introduction ; managerial ; to | ||
| 999 |
_c214355 _d214355 |
||